00655nam a2200181Ia 4500003000900000008004100009040001300050040001300063100001800076245010400094250001200198260001200210300000800222490000600230942000700236999001700243952021300260IT-RoPAU120407s9999 xx 000 0 und d aIT-RoPAU cIT-RoPAU aThomas Merton aStagioni liturgiche. Meditazioni sulle massime festività religiose dell'anno, dopo il Vaticano II aMilano  aRusconi c cm v1 cBK c10366d10366 00102ddc40606_000000000000000_SPALLA__CG71aPAULUSbPAULUSd2012-04-11l0o06 spalla - CG.r2012-04-11 00:00:00w2012-04-11yBKzInserito da: Valentino In data: n.d. fondo: Fanella - Valentino Progr:33320